Central Library OPAC University of Rajshahi

Semigroups / (Record no. 7226)

MARC details
000 -LEADER
fixed length control field 00956cam a2200289 i 4500
001 - CONTROL NUMBER
control field 7226
003 - CONTROL NUMBER IDENTIFIER
rucl marc code BD-RjUL
005 - DATE AND TIME OF LATEST TRANSACTION
control field 20211208234401.0
008 - FIXED-LENGTH DATA ELEMENTS--GENERAL INFORMATION
fixed length control field 140113s1980 nyua b 000 0 eng
020 ## - INTERNATIONAL STANDARD BOOK NUMBER
International Standard Book Number 0123194504
035 ## - SYSTEM CONTROL NUMBER
System control number (BD-RjUL)7268
040 ## - CATALOGING SOURCE
Original cataloging agency DLC
Transcribing agency DLC
Modifying agency DLC
-- BD-RjUL
Language of cataloging eng
041 ## - LANGUAGE CODE
Language code of text/sound track or separate title eng
082 00 - DEWEY DECIMAL CLASSIFICATION NUMBER
Classification number 512.2
Edition number 19
Author mark and year SEM 1980
245 10 - TITLE STATEMENT
Title Semigroups /
Statement of responsibility, etc. edited by T. E. Hall, P. R. Jones, G. B. Preston.
260 ## - PUBLICATION, DISTRIBUTION, ETC. (IMPRINT)
Place of publication, distribution, etc. New York :
Name of publisher, distributor, etc. Academic Press,
Date of publication, distribution, etc. c1980.
300 ## - PHYSICAL DESCRIPTION
Pagination x, 255 p. :
Illustrations ill. ;
Size 24 cm.
500 ## - GENERAL NOTE
General note "Proceedings of the Monash University Conference on Semigroups, held at the Monash University, Clayton, Victoria, Australia, October 1979."
504 ## - BIBLIOGRAPHY, ETC. NOTE
Bibliography, etc Includes bibliographical references.
650 #0 - SUBJECT ADDED ENTRY--TOPICAL TERM
Topical term or geographic name as entry element Semigroups.
9 (RLIN) 21246
700 1# - ADDED ENTRY--PERSONAL NAME
Personal name Hall, T. E.
Fuller form of name (Thomas Eric)
Personal name Jones, P. R.
Personal name Preston, G. B.
942 ## - ADDED ENTRY ELEMENTS (KOHA)
Source of classification or shelving scheme Dewey Decimal Classification
Koha item type Books
Holdings
Lost status Source of classification or shelving scheme Damaged status Not for loan Collection code Permanent Location Current Location Shelving location Date acquired Source of acquisition Cost, normal purchase price Total Checkouts Full call number Date last seen Copy number Koha item type
  Dewey Decimal Classification   Not For Loan Non-fiction Central Library, University of Rajshahi Central Library, University of Rajshahi   10/05/1983 Heffers 14.00   512.2 SEM 1980 13/01/2014 C-1 Books